| 000 | 01088nam2a2200277 4500 | ||
|---|---|---|---|
| 001 | RU\NLR\bibl\1239101 | ||
| 005 | 20250615120619.0 | ||
| 010 |
_a978-5-7525-1792-3 _9200 |
||
| 021 |
_aRU _b2008-28958 _91600 |
||
| 035 | _a(NLR Aleph) 001225312 | ||
| 090 |
_a164206 _c164206 |
||
| 100 | _a20080609d2007 |||y0rusy50 ca | ||
| 101 | 0 | _arus | |
| 102 | _aRU | ||
| 105 | _aa ||||||||| | ||
| 200 | 0 | _a[Ч.] 3 | |
| 210 |
_d2007 _aБ. м. |
||
| 215 |
_a300 с. _cкарт. |
||
| 320 | _aБиблиогр.: с. 247-258 | ||
| 320 | _aУказ. топонимов: с. 276-296 | ||
| 461 | 0 |
_1001RU\NLR\bibl\795320 _12001#$aСубстратная топонимия Русского Севера$v[Ч.] 3 _91083052 _aМатвеев, А. К. (д-р филол. наук ; 1926-2010) _cЕкатеринбург _d2004 _fА.К. Матвеев _nИзд-во Уральского университета _tСубстратная топонимия Русского Севера _v[Ч.] 3 |
|
| 801 | 0 |
_aRU _bNLR _c20080609 _gRCR |
|
| 801 | 1 |
_aRU _bNLR _c20080609 |
|
| 942 | _cBOOK | ||
| 980 | _aNB | ||